000 00828nam a22002057a 4500
999 _c7711
_d7711
003 AR-CdUCM
008 190321b ||||| |||| 00| 0 spa d
040 _aMUNICIPALIDAD PROVINCIAL DEL CUSCO
_cBIBLIOTECA MUNICIPAL DEL CUSCO
082 _a621.384 /
_bG38
100 _aGeorge, F.H.
_921777
245 _aCibernética y Biologia /
260 _aMadrid :
_bAlhambra S.A. ,
_c1968.
300 _a152 cm.
_c20 cm.
505 _aContenido : Fundamentos de Cibernética -- Teoría de la automación, Lógica y teoria de la informacion -- Método cientifico y modelos biológicos -- Computadores digitales -- Teorías cognoscitivas -- Modelos cibernéticos de percepcion...
650 _aCibernetica
_921310
650 _aTeoria de la Informacion
_921778
650 _aDigitalizacion
_921779
942 _2ddc
_cLIBROS
945 _artm